000 00341nam a2200133Ia 4500
008 240624s9999 xx 000 0 und d
041 _aeng
082 _a657 SHA
100 _aSHANKARANARAYAN H V
245 _aMANAGEMENT ACCOUNTING
260 _c2014
_aNew Delhi
_bCengage Learning
300 _axx, : 801 : p. : cm. ; 26
365 _cRS
_b31
999 _c25209
_d25209